| 000 | 00861nam a22002772i 4500 | ||
|---|---|---|---|
| 001 | 29142 | ||
| 003 | BD-RjUL | ||
| 005 | 20211209051358.0 | ||
| 008 | 140402t19591957nyu 000 0 eng d | ||
| 035 | _a(BD-RjUL)29227 | ||
| 040 |
_aIRU _cIRU _dUKM _dBD-RjUL _beng |
||
| 041 | _aeng | ||
| 082 |
_a791.4309 _218 _bKNL 1959 |
||
| 090 |
_aPN1993.5.A1 _bK6 1959 |
||
| 100 | 1 |
_aKnight, Arthur. _988976 |
|
| 245 | 1 | 4 |
_aThe liveliest art : _ba panoramic history of the movies / _cArthur Knight |
| 260 |
_aNew York : _bNew American Library, _cc1957 [Printed 1959] |
||
| 300 |
_a352 p., [8] leaves of plates : _bill. ; _c18 cm |
||
| 490 | 1 |
_aMentor book ; _vMD263 |
|
| 504 | _aBibliography: p. 313-328 & indexes | ||
| 650 | 0 |
_aMotion pictures _xHistory _950482 |
|
| 830 | 0 |
_vMD263 _988987 |
|
| 830 | 0 |
_aMentor book ; _961280 |
|
| 942 |
_2ddc _cBK |
||
| 999 |
_c29142 _d29142 |
||